Score 0/30 Timer 10:00
0 Plays Today
Year Television Movie % Correct
2010Temple Grandin
67.7%
2009Grey Gardens
45.2%
1984Something About Amelia
41.9%
1994And the Band Played On
41.9%
2001Wit
41.9%
1981Playing for Time
35.5%
2002The Gathering Storm
35.5%
1997Miss Evers' Boys
32.3%
2007Bury My Heart at Wounded Knee
32.3%
2008Recount
32.3%
1989 (tie)[Tie] Day One and Roe vs. Wade
29%
2000Tuesdays With Morrie
29%
2003Door to Door
29%
2004Something the Lord Made
29%
1993 (tie)[Tie] Barbarians at the Gate and Stalin
25.8%
Year Television Movie % Correct
1988Inherit the Wind
22.6%
1995Indictment: The McMartin Trial
22.6%
2005Warm Springs
22.6%
1985Do You Remember Love
19.4%
1987Promise
19.4%
1983Special Bulletin
16.1%
1990 (tie)[Tie] The Incident and Caroline? (an episode from Hallmark Hall of Fame)
16.1%
1992Miss Rose White
16.1%
1998Don King: Only in America
16.1%
1999A Lesson Before Dying
16.1%
2006The Girl in the Cafe
16.1%
1982A Woman Called Golda
12.9%
1986Love is Never Silent
12.9%
1996Truman
12.9%
1980The Miracle Worker
9.7%
Come Together.
Have Fun.
All Virtual.
We all need to come together. Play Sporcle's virtual live trivia to have fun, connect with people, and get your trivia on. Join a live hosted trivia game for your favorite pub trivia experience done virtually. If a virtual private party is more your thing, go here for details.

You're not logged in!

Compare scores with friends on all Sporcle quizzes.
OR
Log In

Sporcle TV

Today on Sporcle TV


Watch our educational content, quiz creation guides, and fun videos on Sporcle TV.

Show Comments

Extras

Top Quizzes Today


Score Distribution

Paid Content

Your Account Isn't Verified!

In order to create a playlist on Sporcle, you need to verify the email address you used during registration. Go to your Sporcle Settings to finish the process.

Report this User

Report this user for behavior that violates our Community Guidelines.

Details: